[Event "Aeroflot Open B 2015"]
[Site "Moscú RUS"]
[Date "2015.03.29"]
[Round "3.35"]
[White "Baterdene, Tsogbayar"]
[Black "Hayrapetyan, Hovik"]
[Result "0-1"]
[WhiteElo "2196"]
[BlackElo "2465"]
[PlyCount "102"]
[EventDate "2015.03.27"]
[EventRounds "9"]
[EventCountry "RUS"]
[Source "lmi"]
[SourceDate "2015.03.27"]

1. e4 g6 2. d4 Bg7 3. Nc3 d6 4. Nf3 a6 5. Be2 Nd7 6. O-O b5 7. a4 b4 8. Nd5 a5
9. c3 Bb7 10. cxb4 e6 11. Nf4 Bxe4 12. bxa5 Nh6 13. d5 exd5 14. Nd4 Qf6 15. Nb5
c6 16. Nc7+ Ke7 17. f3 Qd4+ 18. Kh1 Qxd1 19. Rxd1 Rac8 20. fxe4 Rxc7 21. exd5
c5 22. Ra3 Ra8 23. Re3+ Kf8 24. Rh3 Rxa5 25. b3 Nf5 26. Rxh7 Nd4 27. Rh3 g5 28.
Nh5 Nxe2 29. Nxg7 Kxg7 30. Bxg5 Ne5 31. Bd8 Raa7 32. Bxc7 Rxc7 33. Re3 Nd4 34.
h3 Rb7 35. Rb1 f5 36. g3 c4 37. b4 Nc2 38. Rc3 Nxb4 39. a5 Rb8 40. Ra3 Kf6 41.
g4 Ned3 42. a6 Nxa6 43. Rf1 Nac5 44. Rxf5+ Kg6 45. h4 Ne4 46. h5+ Kh6 47. Rf7
c3 48. Rc7 Ndc5 49. Ra1 c2 50. Kg2 Rb1 51. g5+ Kxg5 0-1

[Event "Aeroflot Open B 2015"]
[Site "Moscú RUS"]
[Date "2015.03.29"]
[Round "3.36"]
[White "Pratyusha, Bodda"]
[Black "Krapivin, Alexander"]
[Result "0-1"]
[WhiteElo "2270"]
[BlackElo "2436"]
[PlyCount "138"]
[EventDate "2015.03.27"]
[EventRounds "9"]
[EventCountry "RUS"]
[Source "lmi"]
[SourceDate "2015.03.27"]

1. d4 Nf6 2. c4 b6 3. f3 e6 4. e4 d6 5. Nc3 Be7 6. Bd3 Nbd7 7. Nge2 e5 8. d5
Nh5 9. Be3 Bg5 10. Bf2 Nf4 11. Nxf4 Bxf4 12. O-O O-O 13. b4 a5 14. a3 Qg5 15.
Nb5 axb4 16. axb4 Rxa1 17. Qxa1 Nf6 18. Rb1 Be3 19. Bf1 Bxf2+ 20. Kxf2 Ne8 21.
Kg1 f5 22. Nc3 Nf6 23. exf5 Bxf5 24. Re1 Qh4 25. Nb5 e4 26. g3 Qh5 27. f4 g5
28. fxg5 Ng4 29. Qb2 Ne5 30. Nd4 Qxg5 31. Qe2 Qf6 32. Qe3 Ng4 33. Qc3 Ne5 34.
Qe3 Ng4 35. Qc3 e3 36. Ne2 Qh6 37. h3 Ne5 38. Nd4 Bxh3 39. Bxh3 Qxh3 40. Qxe3
Kh8 41. Qg5 h6 42. Qh4 Qxh4 43. gxh4 Rf4 44. Ne6 Rxc4 45. Ra1 Rxb4 46. Nxc7
Rxh4 47. Nb5 Nc4 48. Ra4 h5 49. Ra8+ Kh7 50. Rc8 Kg6 51. Rc6 Kg5 52. Nxd6 Nxd6
53. Rxd6 Rb4 54. Re6 Kf5 55. Kf2 b5 56. Ke3 h4 57. Re8 Rb1 58. Kf2 h3 59. Kg3
Rb3+ 60. Kh2 Rd3 61. Rh8 Ke4 62. d6 Rxd6 63. Rb8 Rd5 64. Kxh3 Kd4 65. Kg3 Kc3
66. Kf2 b4 67. Ke2 b3 68. Rc8+ Kb4 69. Rb8+ Rb5 0-1

[Event "Aeroflot Open B 2015"]
[Site "Moscú RUS"]
[Date "2015.03.29"]
[Round "3.37"]
[White "Bayarmaa, Bayarjargal"]
[Black "Pustovoitova, Daria"]
[Result "0-1"]
[WhiteElo "2264"]
[BlackElo "2339"]
[PlyCount "78"]
[EventDate "2015.03.27"]
[EventRounds "9"]
[EventCountry "RUS"]
[Source "lmi"]
[SourceDate "2015.03.27"]

1. d4 Nf6 2. c4 e6 3. Nf3 d5 4. Nc3 Bb4 5. Bg5 h6 6. Bxf6 Qxf6 7. e3 O-O 8. Qc2
c5 9. Bd3 dxc4 10. Bxc4 cxd4 11. Nxd4 Bd7 12. O-O Nc6 13. Ne4 Qe7 14. Rfd1 Rac8
15. Qe2 a6 16. a3 Ba5 17. Nf3 Bc7 18. Ba2 Ne5 19. Nxe5 Bxe5 20. f4 Bb8 21. Rac1
Ba7 22. Rxc8 Rxc8 23. Nd6 Rc7 24. Bb1 g6 25. Ne4 Ba4 26. Re1 Qd8 27. b3 Bc6 28.
Qb2 Bxe4 29. Bxe4 Rd7 30. Qc3 b5 31. a4 bxa4 32. bxa4 Rd4 33. Qc2 Qa5 34. Ra1
Rd2 35. Qc8+ Kg7 36. Kh1 Qxa4 37. Qc3+ Bd4 38. exd4 Qd1+ 39. Rxd1 Rxd1+ 0-1

[Event "Aeroflot Open B 2015"]
[Site "Moscú RUS"]
[Date "2015.03.29"]
[Round "3.38"]
[White "Gadimbayli, Abdulla"]
[Black "Kazimova, Narmin"]
[Result "0-1"]
[WhiteElo "2332"]
[BlackElo "2262"]
[PlyCount "88"]
[EventDate "2015.03.27"]
[EventRounds "9"]
[EventCountry "RUS"]
[Source "lmi"]
[SourceDate "2015.03.27"]

1. e4 e5 2. Nf3 Nc6 3. Bb5 a6 4. Ba4 d6 5. c3 Bd7 6. d4 g6 7. O-O Bg7 8. Re1
Nge7 9. d5 Nb8 10. Bxd7+ Nxd7 11. c4 O-O 12. Nc3 h6 13. Nd2 f5 14. f3 a5 15.
Nf1 Nf6 16. Be3 b6 17. h3 Nh5 18. a3 Nf4 19. Qc2 g5 20. Kh2 Qd7 21. Qa4 Qc8 22.
Qd1 Neg6 23. exf5 Qxf5 24. Bxf4 exf4 25. Nb5 Rac8 26. Qe2 Be5 27. Rac1 h5 28.
Kh1 Kg7 29. b4 axb4 30. axb4 g4 31. fxg4 hxg4 32. Qxg4 Qxg4 33. hxg4 f3 34.
gxf3 Rxf3 35. c5 bxc5 36. bxc5 Rh8+ 37. Kg1 Rb8 38. Nxc7 Bd4+ 39. Kh1 Rh3+ 40.
Nh2 Rb2 41. Ne6+ Kg8 42. Nxd4 Rhxh2+ 43. Kg1 Rbg2+ 44. Kf1 Nf4 0-1

[Event "Aeroflot Open B 2015"]
[Site "Moscú RUS"]
[Date "2015.03.29"]
[Round "3.39"]
[White "Mammadova, Gulnar"]
[Black "Zilbert, Oleg"]
[Result "1-0"]
[WhiteElo "2314"]
[BlackElo "2250"]
[PlyCount "153"]
[EventDate "2015.03.27"]
[EventRounds "9"]
[EventCountry "RUS"]
[Source "lmi"]
[SourceDate "2015.03.27"]

1. e4 e6 2. d4 d5 3. Nc3 Bb4 4. e5 Qd7 5. a3 Bf8 6. b4 b6 7. Be3 Ne7 8. Nf3 c6
9. Nh4 Ba6 10. Bxa6 Nxa6 11. Qd3 Nc7 12. O-O Qc8 13. a4 Ng6 14. Nxg6 hxg6 15.
Rfb1 a6 16. Ne2 b5 17. a5 Be7 18. Bd2 Kd7 19. Qg3 Qd8 20. Ra3 Rh5 21. Nf4 Rh4
22. Rf3 Qh8 23. Nd3 Rf8 24. c3 Qh5 25. h3 g5 26. Rf1 Rh8 27. Re3 g4 28. Nf4 Qh7
29. Kh2 g5 30. Ne2 f5 31. f4 gxh3 32. gxh3 g4 33. Ng1 Ne8 34. Be1 Rg8 35. Qf2
Rh6 36. Qd2 Ng7 37. Qd3 Nh5 38. Ne2 Rh8 39. Rh1 Ng3 40. Rxg3 Bh4 41. Re3 Bxe1
42. Rxe1 Qe7 43. Ng1 Qh4 44. Rg3 Rg6 45. Qf1 Rhg8 46. Ree3 Ke8 47. Ne2 Kf7 48.
Kg1 Rh8 49. Kf2 Rh5 50. hxg4 fxg4 51. Ke1 Qd8 52. Rg2 Rg7 53. Ng3 Qh4 54. Rf2
Rf5 55. Nxf5 exf5 56. e6+ Ke7 57. Kd2 Rh7 58. Qe1 Rh5 59. Rg2 Qf6 60. Reg3 Qh8
61. Kd3 Rh1 62. Qe5 Rd1+ 63. Ke2 Qxe5+ 64. dxe5 Rc1 65. Kd3 Rf1 66. Ke3 Rc1 67.
Kd4 Rf1 68. Kc5 Rxf4 69. Kxc6 Kxe6 70. Kb6 d4 71. Kxa6 dxc3 72. Kxb5 Rf1 73.
Rxc3 Ra1 74. Rc5 Ra3 75. a6 g3 76. Kb6 f4 77. Ra5 1-0

[Event "Aeroflot Open B 2015"]
[Site "Moscú RUS"]
[Date "2015.03.29"]
[Round "3.40"]
[White "Salman, Pavel"]
[Black "Mamyrbay, Assad"]
[Result "1-0"]
[WhiteElo "2288"]
[BlackElo "2222"]
[PlyCount "49"]
[EventDate "2015.03.27"]
[EventRounds "9"]
[EventCountry "RUS"]
[Source "lmi"]
[SourceDate "2015.03.27"]

1. d4 Nf6 2. c4 g6 3. Nc3 d5 4. cxd5 Nxd5 5. e4 Nxc3 6. bxc3 Bg7 7. Nf3 c5 8.
Rb1 O-O 9. Be2 cxd4 10. cxd4 Qa5+ 11. Bd2 Qxa2 12. O-O Bg4 13. Rxb7 Bxf3 14.
Bxf3 Bxd4 15. e5 Na6 16. Be3 Bxe3 17. fxe3 Rad8 18. Qa1 Qe6 19. Qa3 Nb8 20.
Rxe7 Qb6 21. e6 fxe6 22. Qc3 Rf7 23. Rxf7 Kxf7 24. Bg4+ Ke8 25. Qg7 1-0

[Event "Aeroflot Open B 2015"]
[Site "Moscú RUS"]
[Date "2015.03.30"]
[Round "4.1"]
[White "Lin, Chen"]
[Black "Neelotpal, Das"]
[Result "1/2-1/2"]
[WhiteElo "2448"]
[BlackElo "2446"]
[PlyCount "149"]
[EventDate "2015.03.27"]
[EventType "swiss"]
[EventRounds "9"]
[EventCountry "RUS"]
[Source "lmi"]
[SourceDate "2015.03.27"]

1. e4 e5 2. Nf3 Nc6 3. Bc4 Nf6 4. d3 Be7 5. O-O O-O 6. Re1 d6 7. c3 Na5 8. Bb5
a6 9. Ba4 b5 10. Bc2 c5 11. Nbd2 Nc6 12. Nf1 Re8 13. h3 Bf8 14. Bg5 h6 15. Bxf6
Qxf6 16. Bb3 Be6 17. Ne3 Rab8 18. a4 b4 19. Bc4 Bxc4 20. Nxc4 Qe6 21. Ne3 bxc3
22. bxc3 Ne7 23. Rb1 f6 24. Qc2 d5 25. Qa2 Rbd8 26. a5 c4 27. exd5 Nxd5 28.
Qxc4 Nf4 29. d4 Qxc4 30. Nxc4 Rc8 31. Nfd2 exd4 32. cxd4 Ne2+ 33. Kf1 Nxd4 34.
Rxe8 Rxe8 35. Rb6 Re6 36. Nb3 Rxb6 37. axb6 Nc6 38. b7 Nb8 39. Nca5 Bb4 40. Ke2
Kf7 41. Kd3 Ke7 42. Kc4 Be1 43. Kd5 Kd7 44. f4 Kc7 45. f5 Kb6 46. Nc4+ Kxb7 47.
Nc5+ Kc7 48. Ne6+ Kd7 49. Nxg7 Nc6 50. Nb6+ Kc7 51. Na4 Nb4+ 52. Kc4 Kd6 53.
Nc5 Nd5 54. Nh5 Kc6 55. Nxa6 Ne3+ 56. Kd3 Nxf5 57. Nxf6 Kd6 58. Ke4 Ke6 59. Ng4
Nh4 60. Nc5+ Kf7 61. Ne5+ Kf6 62. g4 Bd2 63. Ned3 h5 64. Nf2 hxg4 65. hxg4 Kg6
66. Ncd3 Bc3 67. Nf4+ Kg5 68. Ne6+ Kf6 69. Kd5 Bb2 70. Ne4+ Kg6 71. Nf4+ Kf7
72. Nd6+ Kf6 73. Ne4+ Kf7 74. Nd3 Bg7 75. Nf4 1/2-1/2

[Event "Aeroflot Open B 2015"]
[Site "Moscú RUS"]
[Date "2015.03.30"]
[Round "4.2"]
[White "Kotanjian, Tigran"]
[Black "Kovalev, Vladislav"]
[Result "1/2-1/2"]
[WhiteElo "2482"]
[BlackElo "2531"]
[PlyCount "105"]
[EventDate "2015.03.27"]
[EventType "swiss"]
[EventRounds "9"]
[EventCountry "RUS"]
[Source "lmi"]
[SourceDate "2015.03.27"]

1. d4 Nf6 2. Nf3 g6 3. c4 Bg7 4. Nc3 O-O 5. e4 d6 6. Be2 e5 7. O-O exd4 8. Nxd4
Re8 9. f3 Nc6 10. Be3 Nh5 11. Qd2 Nf4 12. Rf2 Ne6 13. Nxe6 Bxe6 14. Nd5 Qd7 15.
Bf1 Ne5 16. Bg5 Bxd5 17. cxd5 f5 18. exf5 Qxf5 19. Rc1 Nf7 20. Be3 Re7 21. Re2
Rae8 22. f4 Qf6 23. Rc4 b5 24. Rc3 a6 25. Bf2 Nh6 26. Rxe7 Rxe7 27. h3 Nf5 28.
Qc1 Qf7 29. Rd3 h5 30. Qc6 h4 31. Qxa6 Re4 32. Qxb5 Rxf4 33. Rf3 Rxf3 34. gxf3
Nd4 35. Qd3 Nxf3+ 36. Kg2 Ne5 37. Qe4 g5 38. Be2 Ng6 39. Bg4 Nf4+ 40. Kg1 Be5
41. a4 Qe8 42. Kf1 Qb8 43. b4 Qa8 44. a5 Qa6+ 45. Kg1 Kg7 46. Be3 Ne2+ 47. Kg2
Ng3 48. Qf3 Qd3 49. Be6 Qc2+ 50. Qf2 Qe4+ 51. Qf3 Qc2+ 52. Qf2 Qe4+ 53. Qf3
1/2-1/2

[Event "Aeroflot Open B 2015"]
[Site "Moscú RUS"]
[Date "2015.03.30"]
[Round "4.3"]
[White "Yuffa, Daniil"]
[Black "Evdokimov, Alexander A"]
[Result "1/2-1/2"]
[WhiteElo "2471"]
[BlackElo "2505"]
[PlyCount "95"]
[EventDate "2015.03.27"]
[EventType "swiss"]
[EventRounds "9"]
[EventCountry "RUS"]
[Source "lmi"]
[SourceDate "2015.03.27"]

1. d4 Nf6 2. Nf3 e6 3. c4 b6 4. Nc3 Bb4 5. Bg5 Bb7 6. e3 h6 7. Bh4 O-O 8. Bd3
d5 9. cxd5 exd5 10. O-O Nbd7 11. Ne5 Be7 12. f4 Ne4 13. Bxe7 Qxe7 14. Nxe4 dxe4
15. Bc4 Nxe5 16. dxe5 Rad8 17. Qb3 Bc8 18. Qc3 Bf5 19. Rad1 c6 20. b4 c5 21. a3
Rxd1 22. Rxd1 Rd8 23. Rxd8+ Qxd8 24. Qb3 Qd7 25. bxc5 bxc5 26. h3 g6 27. Qc3
Kh7 28. Kh2 h5 29. Qa5 Qe7 30. Qb5 g5 31. Qb3 Kg7 32. Qc3 Kg8 33. Bd5 g4 34.
Qe1 gxh3 35. gxh3 Qd7 36. Qd1 h4 37. Qb3 Bxh3 38. Bxe4 Qg4 39. Qd5 Qg3+ 40. Kh1
Qe1+ 41. Kh2 Qf2+ 42. Kh1 Qe1+ 43. Kh2 Kg7 44. Qd8 Qf2+ 45. Kh1 Qe1+ 46. Kh2
Qg3+ 47. Kh1 Qe1+ 48. Kh2 1/2-1/2

[Event "Aeroflot Open B 2015"]
[Site "Moscú RUS"]
[Date "2015.03.30"]
[Round "4.4"]
[White "Paravyan, David"]
[Black "Khusnutdinov, Rustam"]
[Result "1/2-1/2"]
[WhiteElo "2436"]
[BlackElo "2490"]
[PlyCount "138"]
[EventDate "2015.03.27"]
[EventType "swiss"]
[EventRounds "9"]
[EventCountry "RUS"]
[Source "lmi"]
[SourceDate "2015.03.27"]

1. d4 Nf6 2. c4 g6 3. f3 e6 4. e4 c5 5. d5 exd5 6. cxd5 d6 7. Ne2 Bg7 8. Nec3
Nh5 9. Be3 f5 10. Nd2 O-O 11. Be2 Bd4 12. Nc4 Qh4+ 13. Kd2 Na6 14. Qg1 Bxc3+
15. bxc3 fxe4 16. Nxd6 exf3 17. Bxf3 Qd8 18. Nxc8 Rxc8 19. Qd1 Nf6 20. Kc2 Qd7
21. Kb2 Rfd8 22. Bg5 Qf5 23. Bxf6 Qxf6 24. Bg4 Rb8 25. Be6+ Kh8 26. Rf1 Qg5 27.
Qe2 Nc7 28. h4 Qg3 29. Rad1 b5 30. Rd3 Qd6 31. Qf2 Nxe6 32. dxe6 Qxe6 33. Re1
Qc6 34. Qg3 Qf6 35. Rxd8+ Rxd8 36. Qe5 Rd2+ 37. Kb3 Kg7 38. g4 c4+ 39. Kb4 Qxe5
40. Rxe5 a6 41. Re7+ Kf6 42. Rxh7 Rxa2 43. Ra7 Ke5 44. Kc5 Kf4 45. g5 Kg4 46.
Rg7 Kxh4 47. Rxg6 Kh5 48. Rg8 Rc2 49. Kb4 Re2 50. g6 Re6 51. g7 Kg6 52. Ka5 Kf7
53. Rd8 Kxg7 54. Rd5 Kf6 55. Rh5 Rd6 56. Rc5 Ke7 57. Rh5 Ke6 58. Rg5 Kd7 59.
Rh5 Ke6 60. Rg5 Rc6 61. Rh5 Kd7 62. Rg5 Re6 63. Rh5 Ke7 64. Rg5 Rh6 65. Rf5 Ke6
66. Rg5 Kf7 67. Rc5 Re6 68. Rh5 Re3 69. Kxa6 Rxc3 1/2-1/2

[Event "Aeroflot Open B 2015"]
[Site "Moscú RUS"]
[Date "2015.03.30"]
[Round "4.5"]
[White "Sarana, Alexey"]
[Black "Danielian, Elina"]
[Result "1-0"]
[WhiteElo "2419"]
[BlackElo "2488"]
[PlyCount "109"]
[EventDate "2015.03.27"]
[EventType "swiss"]
[EventRounds "9"]
[EventCountry "RUS"]
[Source "lmi"]
[SourceDate "2015.03.27"]

1. d4 Nf6 2. Nf3 e6 3. c4 b6 4. g3 Bb7 5. Bg2 Be7 6. Nc3 Ne4 7. Bd2 Bf6 8. O-O
O-O 9. Qc2 Nxd2 10. Qxd2 d6 11. e4 Nd7 12. Ne1 c5 13. d5 exd5 14. exd5 Ba6 15.
b3 b5 16. cxb5 Qa5 17. Rc1 Bxb5 18. Nd3 Rfe8 19. Rfd1 Bxd3 20. Qxd3 Bxc3 21.
Qxc3 Qxc3 22. Rxc3 Re2 23. a4 Rb2 24. Bf1 h6 25. h3 Ne5 26. f4 Ng6 27. h4 Rb8
28. Re1 R8xb3 29. Re8+ Nf8 30. Rxb3 Rxb3 31. Kf2 Ra3 32. Bb5 a6 33. Bxa6 Rxa4
34. Be2 c4 35. Rc8 g6 36. Rc6 Nd7 37. Rxd6 Nc5 38. Rc6 Ne4+ 39. Kf3 c3 40. Bd3
f5 41. Rxg6+ Kf7 42. Rc6 Rd4 43. Ke3 Ra4 44. Bxe4 Rxe4+ 45. Kd3 Ke7 46. Kxc3
Re3+ 47. Kd4 Rxg3 48. Kc5 Rh3 49. Rc7+ Kd8 50. Rh7 Rxh4 51. Kd6 Ke8 52. Ke6 Kf8
53. d6 Rxf4 54. d7 Re4+ 55. Kf6 1-0

[Event "Aeroflot Open B 2015"]
[Site "Moscú RUS"]
[Date "2015.03.30"]
[Round "4.6"]
[White "Rozum, Ivan"]
[Black "Baghdasaryan, Vahe"]
[Result "1/2-1/2"]
[WhiteElo "2545"]
[BlackElo "2400"]
[PlyCount "91"]
[EventDate "2015.03.27"]
[EventType "swiss"]
[EventRounds "9"]
[EventCountry "RUS"]
[Source "lmi"]
[SourceDate "2015.03.27"]

1. Nf3 d5 2. g3 Nf6 3. Bg2 c6 4. O-O g6 5. d4 Bg7 6. Nbd2 O-O 7. c4 Ne4 8. e3
Bf5 9. Qb3 Qb6 10. Qa3 Na6 11. Nh4 e6 12. Nxe4 Bxe4 13. f3 g5 14. fxe4 gxh4 15.
cxd5 hxg3 16. hxg3 cxd5 17. exd5 Nb4 18. Qb3 Nxd5 19. Bxd5 exd5 20. Qxb6 axb6
21. Bd2 f5 22. Rf3 Rf6 23. Rc1 Rxa2 24. Rc8+ Rf8 25. Rc2 Rf6 26. Bb4 Rc6 27.
Rcf2 Rc4 28. Bd6 Bh6 29. Kg2 Rc8 30. Kh3 b5 31. Bc5 Ra6 32. Rxf5 Bxe3 33. Re2
Rh6+ 34. Kg2 b6 35. Bxb6 Rxb6 36. Rxe3 Rc2+ 37. Kf3 Rxb2 38. Re7 Rb3+ 39. Kf4
Rb1 40. Rxd5 Rf1+ 41. Kg4 Rg6+ 42. Kh3 Rf3 43. Rd8+ Rf8 44. Rxf8+ Kxf8 45. Rb7
Rd6 46. Rxb5 1/2-1/2

[Event "Aeroflot Open B 2015"]
[Site "Moscú RUS"]
[Date "2015.03.30"]
[Round "4.7"]
[White "Utegaliyev, Azamat"]
[Black "Bortnyk, Olexandr"]
[Result "1/2-1/2"]
[WhiteElo "2431"]
[BlackElo "2543"]
[PlyCount "169"]
[EventDate "2015.03.27"]
[EventType "swiss"]
[EventRounds "9"]
[EventCountry "RUS"]
[Source "lmi"]
[SourceDate "2015.03.27"]

1. e4 c6 2. d4 d5 3. Nc3 dxe4 4. Nxe4 Nd7 5. Nf3 Ngf6 6. Nxf6+ Nxf6 7. h3 Bf5
8. Bd3 e6 9. O-O Bxd3 10. Qxd3 Be7 11. b3 O-O 12. c4 c5 13. Be3 cxd4 14. Bxd4
Qa5 15. Bc3 Qc5 16. a3 Rfd8 17. Qe2 Qf5 18. Bb4 Bxb4 19. axb4 Qd3 20. Qxd3 Rxd3
21. Rfd1 Rxd1+ 22. Rxd1 Kf8 23. Ne5 a6 24. g4 g5 25. Nd7+ Ke7 26. Nc5 b6 27.
Na4 Rb8 28. Nc3 h5 29. f3 hxg4 30. hxg4 a5 31. Ra1 axb4 32. Ra7+ Kf8 33. Nb5
Rd8 34. Kf2 Nd7 35. Nd6 Ne5 36. Ne4 Rd3 37. Nxg5 Rxb3 38. Rb7 Rc3 39. Rxb6 b3
40. Ke2 Nxc4 41. Rb8+ Kg7 42. Ne4 Rc2+ 43. Kd3 Ne5+ 44. Ke3 b2 45. Nd2 Nd7 46.
Rb4 Nc5 47. Nb1 e5 48. Rb5 Kg6 49. f4 exf4+ 50. Kxf4 Rc1 51. Nd2 Rc3 52. Nb1
Rc4+ 53. Kf3 Na4 54. Nd2 Rd4 55. Ke3 Rxg4 56. Kd3 Rg3+ 57. Kd4 Rh3 58. Nc4 Rh1
59. Nd2 f5 60. Kd3 Rh3+ 61. Kd4 Kg5 62. Ne4+ Kf4 63. Nf2 Ra3 64. Nd3+ Kg3 65.
Nxb2 Nxb2 66. Rxf5 Nd1 67. Rf8 Nf2 68. Rf7 Rd3+ 69. Kc4 Rd8 70. Rf5 Ne4 71. Rd5
Rc8+ 72. Kd4 Kf4 73. Rd7 Ng3 74. Rf7+ Nf5+ 75. Kd3 Rd8+ 76. Kc3 Ke4 77. Rh7
Rd3+ 78. Kc4 Ne3+ 79. Kc5 Rc3+ 80. Kb5 Nf5 81. Kb4 Rc8 82. Rh1 Ne3 83. Rh4+ Kd3
84. Rh3 Rf8 85. Kc5 1/2-1/2

[Event "Aeroflot Open B 2015"]
[Site "Moscú RUS"]
[Date "2015.03.30"]
[Round "4.8"]
[White "Yudin, Sergei"]
[Black "Munguntuul, Batkhuyag"]
[Result "1/2-1/2"]
[WhiteElo "2534"]
[BlackElo "2426"]
[PlyCount "50"]
[EventDate "2015.03.27"]
[EventType "swiss"]
[EventRounds "9"]
[EventCountry "RUS"]
[Source "lmi"]
[SourceDate "2015.03.27"]

1. e4 c5 2. Nf3 e6 3. b3 Nc6 4. Bb2 Nf6 5. e5 Nd5 6. g3 Be7 7. Bg2 O-O 8. O-O
d6 9. exd6 Qxd6 10. Na3 Bf6 11. Nc4 Qc7 12. Bxf6 Nxf6 13. a4 b6 14. Nfe5 Bb7
15. Nxc6 Bxc6 16. Bxc6 Qxc6 17. f4 Rad8 18. d3 Qd5 19. Qe2 Qd4+ 20. Kg2 Nd5 21.
Rae1 Nb4 22. g4 Nc6 23. Kg3 Qd5 24. Ne5 Nd4 25. Qf2 Rfe8 1/2-1/2

[Event "Aeroflot Open B 2015"]
[Site "Moscú RUS"]
[Date "2015.03.30"]
[Round "4.9"]
[White "Abdyjapar, Asyl"]
[Black "Sivuk, Vitaly"]
[Result "1/2-1/2"]
[WhiteElo "2400"]
[BlackElo "2527"]
[PlyCount "87"]
[EventDate "2015.03.27"]
[EventType "swiss"]
[EventRounds "9"]
[EventCountry "RUS"]
[Source "lmi"]
[SourceDate "2015.03.27"]

1. d4 Nf6 2. c4 e6 3. Nc3 Bb4 4. Qc2 c5 5. dxc5 O-O 6. a3 Bxc5 7. Nf3 b6 8. Bf4
Bb7 9. Rd1 Nh5 10. Bg3 Be7 11. e3 Nxg3 12. hxg3 h6 13. Bd3 d6 14. g4 Nd7 15.
Bh7+ Kh8 16. Be4 Bxe4 17. Nxe4 Nc5 18. Rh5 Nxe4 19. Qxe4 Qe8 20. Ke2 f5 21.
Qxe6 Rf6 22. Qd5 fxg4 23. Nd2 Rc8 24. Ne4 Rf8 25. b3 Qg6 26. a4 a6 27. Rhh1 b5
28. axb5 axb5 29. cxb5 Rf5 30. Qb7 Qe6 31. Rc1 Rcf8 32. Rc7 Qxb3 33. Rxe7 Qb2+
34. Kd3 Rxb5 35. Qc6 Rb3+ 36. Nc3 Qxf2 37. Re8 Qf5+ 38. e4 Qf6 39. Rxf8+ Qxf8
40. Ra1 Kh7 41. Qd7 Rxc3+ 42. Kxc3 Qf6+ 43. Kd3 Qxa1 44. Qf5+ 1/2-1/2

[Event "Aeroflot Open B 2015"]
[Site "Moscú RUS"]
[Date "2015.03.30"]
[Round "4.10"]
[White "Kharchenko, Boris"]
[Black "Le, Tuan Minh"]
[Result "0-1"]
[WhiteElo "2514"]
[BlackElo "2393"]
[PlyCount "68"]
[EventDate "2015.03.27"]
[EventType "swiss"]
[EventRounds "9"]
[EventCountry "RUS"]
[Source "lmi"]
[SourceDate "2015.03.27"]

1. e4 c5 2. c3 e6 3. d4 cxd4 4. cxd4 d5 5. exd5 exd5 6. Nf3 Nf6 7. Bb5+ Nc6 8.
O-O Be7 9. Ne5 Bd7 10. Bxc6 Bxc6 11. Nxc6 bxc6 12. Qa4 Qc7 13. Bf4 Qb6 14. Nd2
O-O 15. Rac1 Qxb2 16. Rxc6 Qb4 17. Qxb4 Bxb4 18. Ra6 Rfc8 19. Rb1 Bxd2 20. Bxd2
Ne4 21. Be1 h6 22. f3 Ng5 23. Ra5 Rc2 24. Rxd5 Re8 25. h4 Ne6 26. Bg3 Rxa2 27.
Rd7 Nf8 28. Rdb7 Ree2 29. Kh1 Rxg2 30. Bd6 Ng6 31. h5 Nh4 32. R7b3 Nf5 33. Bf4
Nxd4 34. Rd3 Ne6 0-1

[Event "Aeroflot Open B 2015"]
[Site "Moscú RUS"]
[Date "2015.03.30"]
[Round "4.11"]
[White "Tologontegin, Semetey"]
[Black "Gordievsky, Dmitry"]
[Result "0-1"]
[WhiteElo "2399"]
[BlackElo "2472"]
[PlyCount "70"]
[EventDate "2015.03.27"]
[EventType "swiss"]
[EventRounds "9"]
[EventCountry "RUS"]
[Source "lmi"]
[SourceDate "2015.03.27"]

1. d4 Nf6 2. Nf3 e6 3. Bg5 h6 4. Bh4 d5 5. e3 Be7 6. Nbd2 b6 7. c3 Bb7 8. Bd3
Nbd7 9. O-O Ne4 10. Bxe7 Qxe7 11. Ne5 Nxe5 12. dxe5 O-O 13. f4 Nc5 14. Bc2 a5
15. Nb3 Ne4 16. Nd4 Ba6 17. Re1 c5 18. Nf3 Rad8 19. Qb1 g5 20. h3 Kh8 21. Nh2
Rg8 22. Bxe4 dxe4 23. Qxe4 Bb7 24. Qc2 gxf4 25. e4 Qg5 26. Nf3 Qg3 27. Kh1 Rd3
28. Ng1 f3 29. gxf3 Rxf3 30. Re2 Rf4 31. Rae1 Rh4 32. Rg2 Qxe1 33. Rxg8+ Kxg8
34. Qg2+ Kf8 35. Kh2 Qxe4 0-1

[Event "Aeroflot Open B 2015"]
[Site "Moscú RUS"]
[Date "2015.03.30"]
[Round "4.12"]
[White "Potapov, Pavel"]
[Black "Gorbatov, Alexej"]
[Result "1/2-1/2"]
[WhiteElo "2471"]
[BlackElo "2372"]
[PlyCount "58"]
[EventDate "2015.03.27"]
[EventType "swiss"]
[EventRounds "9"]
[EventCountry "RUS"]
[Source "lmi"]
[SourceDate "2015.03.27"]

1. f4 Nf6 2. Nf3 g6 3. g3 Bg7 4. Bg2 O-O 5. O-O d5 6. d3 Nc6 7. c3 Bg4 8. Nbd2
Qd7 9. e4 dxe4 10. dxe4 e5 11. fxe5 Nh5 12. Qb3 Be6 13. Qc2 Nxe5 14. Nxe5 Bxe5
15. Nf3 Bg7 16. Be3 Qe7 17. Qf2 b6 18. e5 c5 19. Rae1 Rae8 20. h3 f5 21. exf6
Qxf6 22. g4 Nf4 23. Ng5 Qxg5 24. Bxf4 Qf6 25. Bc6 Rc8 26. Bb7 Rce8 27. Bd6
Qxf2+ 28. Rxf2 Rxf2 29. Kxf2 Kf7 1/2-1/2

[Event "Aeroflot Open B 2015"]
[Site "Moscú RUS"]
[Date "2015.03.30"]
[Round "4.13"]
[White "Yilmazyerli, Mert"]
[Black "Liu, Chang"]
[Result "1/2-1/2"]
[WhiteElo "2464"]
[BlackElo "2357"]
[PlyCount "25"]
[EventDate "2015.03.27"]
[EventType "swiss"]
[EventRounds "9"]
[EventCountry "RUS"]
[Source "lmi"]
[SourceDate "2015.03.27"]

1. e4 d6 2. d4 g6 3. Nf3 Nf6 4. Nc3 Bg7 5. Be2 c6 6. O-O O-O 7. a3 Bg4 8. Be3
Nbd7 9. h3 Bxf3 10. Bxf3 e5 11. Qd2 exd4 12. Bxd4 Qc7 13. Rfe1 1/2-1/2

[Event "Aeroflot Open B 2015"]
[Site "Moscú RUS"]
[Date "2015.03.30"]
[Round "4.14"]
[White "Harutyunian, Tigran K"]
[Black "Golubov, Saveliy"]
[Result "1-0"]
[WhiteElo "2445"]
[BlackElo "2362"]
[PlyCount "65"]
[EventDate "2015.03.27"]
[EventType "swiss"]
[EventRounds "9"]
[EventCountry "RUS"]
[Source "lmi"]
[SourceDate "2015.03.27"]

1. c4 Nf6 2. Nc3 g6 3. g3 Bg7 4. Bg2 O-O 5. d4 d6 6. Nf3 Nc6 7. O-O Bd7 8. Bf4
Re8 9. d5 Na5 10. Nd2 Nh5 11. Bg5 c5 12. e4 Nf6 13. h3 Qb6 14. Rb1 Qa6 15. Qe2
h6 16. Be3 e6 17. g4 exd5 18. exd5 h5 19. Bf3 hxg4 20. hxg4 b6 21. g5 Nh7 22.
Nce4 Nb7 23. Bg4 Rad8 24. Kg2 Na5 25. Bxd7 Rxd7 26. Qg4 Qb7 27. Rh1 Nxc4 28.
Nxc4 Qxd5 29. f3 Rde7 30. Ncxd6 Rd8 31. Rbd1 Qxa2 32. Qh4 Nxg5 33. Bxg5 1-0

[Event "Aeroflot Open B 2015"]
[Site "Moscú RUS"]
[Date "2015.03.30"]
[Round "4.15"]
[White "Kashlinskaya, Alina"]
[Black "Abdulov, Orkhan"]
[Result "0-1"]
[WhiteElo "2436"]
[BlackElo "2337"]
[PlyCount "96"]
[EventDate "2015.03.27"]
[EventType "swiss"]
[EventRounds "9"]
[EventCountry "RUS"]
[Source "lmi"]
[SourceDate "2015.03.27"]

1. d4 d6 2. Nf3 g6 3. e4 Bg7 4. Be2 Nf6 5. Nc3 O-O 6. O-O c6 7. Re1 Qc7 8. h3
e5 9. a4 Re8 10. dxe5 dxe5 11. Bc4 Be6 12. Bxe6 Rxe6 13. a5 Nbd7 14. Be3 Bf8
15. Ng5 Ree8 16. Qe2 h6 17. Nf3 Nc5 18. Qc4 b5 19. axb6 axb6 20. Bxc5 Bxc5 21.
Red1 Rxa1 22. Rxa1 Rd8 23. Ra6 Qd6 24. Ra7 Rd7 25. Ra8+ Kg7 26. Qa6 Rc7 27. g3
b5 28. Kg2 g5 29. Rc8 Rxc8 30. Qxc8 b4 31. Na4 Bxf2 32. Kxf2 Nxe4+ 33. Ke1 b3
34. cxb3 Qd3 35. Nc3 Qe3+ 36. Kd1 Qxf3+ 37. Kc2 Qf2+ 38. Kb1 Nd2+ 39. Ka2 Qb6
40. Qf5 Qxb3+ 41. Ka1 Nc4 42. Qf2 Qb6 43. Qe2 Qd4 44. g4 Nd2 45. Qa6 c5 46. Ne2
Qe3 47. Qb5 Qxh3 48. Nc1 Qh1 0-1